En images, les 352 sportifs français les plus médaillés aux JO (4) - Statistiques

Statistiques générales
  • Ce quiz a été pris 13 fois
  • Le résultat moyen est 18 sur 88
Statistiques - réponses
Par images Hint Réponse % Correct
Volley Ball Earvin {Ngapeth}
100%
Tennis de table Félix {Lebrun}
100%
Athlétisme Kevin {Mayer}
100%
Judo Teddy {Riner}
100%
Judo Clarisse {Agbégnénou}
82%
Tennis Suzanne {Lenglen}
82%
Natation Camille {Muffat}
73%
Handball Valentin {Porte}
73%
Pentathlon Elodie {Clouvel}
64%
Biathlon Émilien {Jacquelin}
64%
Biathlon Simon {Desthieux}
64%
Biathlon Anaïs {Bescond}
55%
Handball Daniel {Narcisse}
55%
Tennis de table Jean-Philippe {Gatien}
55%
Cyclisme Julien {Absalon}
55%
Volley Ball Kévin {Tillie}
55%
Athlétisme Alain {Mimoun}
45%
Tir Jean {Quiquampoix}
45%
Judo Audrey {Tcheuméo}
36%
Cyclisme Félicia {Ballanger}
36%
Athlétisme Micheline {Ostermeyer}
36%
Escrime Julien {Mertine}
27%
Volley Ball Nicolas {Le Goff}
27%
Lutte Steeve {Guénot}
27%
Ski de fond Clément {Parisse}
18%
Combiné nordique Fabrice {Guy}
18%
Escrime Jean-François {Lamour}
18%
Escrime Jean-Michel {Henry}
18%
Judo Marc {Alexandre}
18%
Biathlon Marie-Laure {Brunet}
18%
Patinage artistique Pierre {Brunet}
18%
Snowboard Pierre {Vaultier}
18%
Handball Blandine {Dancette}
9%
Escrime Christian {Jonquères d'Oriola}
9%
Escrime Eric {Srecki}
9%
Ski alpin Guy {Périllat}
9%
Equitation Hubert {Bourdy}
9%
Natation Jean {Boiteux}
9%
Escrime Jean-Claude {Magnan}
9%
Tir Jean-Pierre {Amat}
9%
Escrime Jérôme {Jeannet}
9%
Escrime Julien {Pillet}
9%
Biathlon Julien {Robert}
9%
Cyclisme Kévin {Sireau}
9%
Escrime Lionel {Plumenail}
9%
Equitation Marcel {Rozier}
9%
Escrime Maureen {Nisima}
9%
Equitation Michel {Robert}
9%
Cyclisme Mickaël {Bourgain}
9%
Escrime Philippe {Omnès}
9%
Natation Stéphan {Caron}
9%
Combiné nordique Sylvain {Guillaume}
9%
Biathlon Véronique {Claudel}
9%
Canoë-kayak Wilfrid {Forgues}
9%
Escrime Adrien {Rommel}
0%
Cyclisme André {Auffray}
0%
Tennis André {Gobert}
0%
Voile Auguste {Albert}
0%
Escrime Bernard {Schmetz}
0%
Voile Charles {Hugo}
0%
Escrime Claude {Netter}
0%
Tir Delphine {Réau-Racine}
0%
Escrime Didier {Flament}
0%
Canoë-kayak Didier {Hoyer}
0%
Voile Émile {Michelet}
0%
Tir Emile {Rumeau}
0%
Voile Félix {Michelet}
0%
Cyclisme Fernand {Canteloube}
0%
Voile François {Texier}
0%
Athlétisme Géo {André}
0%
Tir Georges {Roes}
0%
Water-polo Henri {Padou}
0%
Voile Jacques {Baudrier}
0%
Equitation Janou {Lefèbvre}
0%
Gymnastique Jean {Gounot}
0%
Escrime Jehan {de Buhan}
0%
Athlétisme Joseph {Guillemot}
0%
Tir à l'arc Léon {Epin}
0%
Escrime Matthieu {Gourdain}
0%
Voile Nicolas {Hénard}
0%
Aviron Noël {Vandernotte}
0%
Aviron Pascal {Touron}
0%
Patinage artistique Patrick {Péra}
0%
Voile Pierre {Gervais}
0%
Cyclisme René {Hamel}
0%
Escrime René {Lemoine}
0%
Equitation Xavier {Lesage}
0%
Escrime Yves {Dreyfus}
0%
Aucun quiz correspondant
Distribution des résultats
% des personnes avec chaque résultat
Percentile par nombre de réponses
Votre historique - résultats
Vous n’avez pas pris ce quiz